Their eyes were watching God : a novel (Record no. 590803)

000 -LEADER
fixed length control field 00449nam a22001697a 4500
003 - CONTROL NUMBER IDENTIFIER
control field NUST
005 - DATE AND TIME OF LATEST TRANSACTION
control field 20220807100811.0
008 - FIXED-LENGTH DATA ELEMENTS--GENERAL INFORMATION
fixed length control field 220807b ||||| |||| 00| 0 eng d
020 ## - INTERNATIONAL STANDARD BOOK NUMBER
International Standard Book Number 9780060838676
038 ## - RECORD CONTENT LICENSOR
Staff Name Azhar
082 ## - DEWEY DECIMAL CLASSIFICATION NUMBER
Classification number 813.52
Author Mark HUR
100 ## - MAIN ENTRY--PERSONAL NAME
Personal name Hurston, Zora Neale
9 (RLIN) 96631
245 ## - TITLE STATEMENT
Title Their eyes were watching God : a novel
Statement of responsibility, etc. Zora Neale Hurston
260 ## - PUBLICATION, DISTRIBUTION, ETC.
Place of publication, distribution, etc. New York
Name of publisher, distributor, etc. Harper perennial
Date of publication, distribution, etc. 1999
300 ## - PHYSICAL DESCRIPTION
Extent 219p
942 ## - ADDED ENTRY ELEMENTS (KOHA)
Source of classification or shelving scheme
Koha item type Lincoln Corner
Holdings
Withdrawn status Lost status Source of classification or shelving scheme Damaged status Not for loan Permanent Location Current Location Shelving location Date acquired Full call number Barcode Date last seen Price effective from Koha item type
          Central Library (CL) Central Library (CL) Lincoln Corner 08/07/2022 813.52 HUR LC-321 08/07/2022 08/07/2022 Reference
          Central Library (CL) Central Library (CL) Lincoln Corner 08/07/2022 813.52 HUR LC-327 08/07/2022 08/07/2022 Reference
© 2023 Central Library, National University of Sciences and Technology. All Rights Reserved.